banner-ar

STUDENT SUPPLEMENT TO ACCOMPANY EDUCATIONAL PSYCHOLOGY: CLASSROOM CONNECTIONS / (Record no. 17124)

MARC details
000 -الفاتح
حقل البيانات ثابتة الطول 00520nam a2200181Ia 4500
008 - عناصر البيانات ثابتة الطول - معلومات عامة
حقل البيانات ثابتة الطول 140319s9999 xx 000 0 eng d
040 ## - مصدر الفهرسة
وكالة الفهرسة الأصلية GCL /
وكالة النسخ GCL
082 04 - رقم تصنيف ديوى العشرى
رقم التصنيف 370.15
رقم المادة E S
100 1# - المدخل الرئيسى - إسم شخصى
الإسم الشخصى EGGEN, PAUL
245 10 - بيان العنوان
العنوان STUDENT SUPPLEMENT TO ACCOMPANY EDUCATIONAL PSYCHOLOGY: CLASSROOM CONNECTIONS /
بيان المسئوليه,etc EGGEN, PAUL
700 1# - المدخل الاضافى - اسم شخصى
الإسم الشخصى KOUCHALC, DON
260 ## - PUBLICATION, DISTRIBUTION, ETC. (IMPRINT)
تاريخ النشر أو التوزيع 1994
300 ## - الوصف المادى
التعداد 123 P
650 04 - المدخل الاضافى بالموضوع-مصطلح موضوعى
مصطلح موضوعي EDUCATION
650 04 - المدخل الاضافى بالموضوع-مصطلح موضوعى
مصطلح موضوعي TEST ITEMS
942 ## - عناصر المدخل الإضافي( كوها)
مصدر التصنيف او مخطط الترفيف Dewey Decimal Classification
Koha [default] item type كتاب
260 ## - PUBLICATION, DISTRIBUTION, ETC. (IMPRINT)
-- [S.N] :
-- MACMILLAN COLLEQE PUBLISHING COMPANY ،
Holdings
حالة التراجع حالة الفقد حالة تلف ليس للاعارة المكان المؤقت الموقع الحالى تاريخ الاكتساب اجمالي اﻻعارات رقم الطلب الباركود تاريخ اخر مشاهدة تاريخ تفعيل السعر نوع وعاء كوها
        مكتبة القاهرة الكبرى مكتبة القاهرة الكبرى 03/26/2014   370.15\E S 30888 03/26/2014 03/26/2014 كتاب

Powered By

EGPV